| 000 | 00000nam##2200000za#4500 |
| 001 | 9.638139 |
| 003 | CaOODSP |
| 005 | 20210624221535 |
| 007 | cr ||||||||||| |
| 008 | 150407|2005||||xxc|||||o f|0| 0 fre|d |
| 040 | |aCaOODSP|bfre |
| 043 | |an-cn--- |
| 086 | 1 |aEn108-4/49-2005F-PDF |
| 110 | 1 |aCanada.|bConseil canadien des ministres de l'environnement. |
| 245 | 10|aAtelier du Groupe de travail sur les pluies acides, points saillants des discussions |h[ressource électronique] |
| 260 | |bConseil canadien des ministres de l'environnement |c[2005]. |
| 300 | |a16p. |
| 500 | |a«23 et 24 février 2005, Holiday Inn Plaza la Chaudière, 2, rue Montcalm, Gatineau (Québec)». |
| 590 | |a11-01-Supp|b2011-01-11 |
| 691 | 07|aPluies acides|2gcpds |
| 775 | 08|tAcid Rain Task Group Workshop, discussion highlights |w(CaOODSP)9.693939 |
| 856 | 40|ahttp://publications.gc.ca|qPDF|s71 Ko|uhttps://publications.gc.ca/collections/collection_2010/ccme/En108-4-49-2005-fra.pdf |